| 000 | 01057nam a22003257a 4500 | ||
|---|---|---|---|
| 003 | CHAP | ||
| 005 | 20220329133547.0 | ||
| 008 | 971013s1992 r 00010 d | ||
| 010 | _a7883 | ||
| 011 | _a8855 | ||
| 035 | _a8087 | ||
| 040 | _cCHAP | ||
| 082 |
_a630.5 _bY4 1992 |
||
| 245 |
_aNew crops, new uses, new markets _b: industrial and commercial products from U.S. Agriculture |
||
| 260 |
_aWashington, D.C. : _bUSDA, _c1992 |
||
| 300 |
_a302 p. _b: ilus. |
||
| 590 |
_aBATCH-UPD _b10 _c20130110 _lUCH01 _h1556 |
||
| 590 |
_aBATCH-UPD _b10 _c20130410 _lUCH01 _h0954 |
||
| 590 |
_aBATCH-UPD _b10 _c20130913 _lUCH01 _h2038 |
||
| 590 |
_aCONVERSION _b10 _c20130109 _lUCH01 _h1305 |
||
| 650 | 1 | 4 |
_aAgricultura _xE.U.A. _91408 |
| 650 | 1 | 4 |
_aAgricultura _xE.U.A. _91408 |
| 650 | 1 | 4 |
_aCultivos _xE.U.A. _930253 |
| 650 | 1 | 4 |
_aIndustrias agrÃcolas. _957925 |
| 650 | 1 | 4 |
_aProductos agrÃcolas. _991896 |
| 710 | 0 |
_aE.U.A. Department of Agriculture. _934876 |
|
| 901 | _aBK | ||
| 942 | _cLIBRO | ||
| 949 |
_a630.5 Y4 1992 _bBC _cC _d33724000557963 _eC _h83384 _i8087 _mD _si |
||
| 999 |
_c7883 _d7883 |
||